Your Name. Characters - Picture Click Quiz - Statistics

General Stats
  • This quiz has been taken 76 times
  • The average score is 4 of 9
Answer Stats
Hint Answer % Correct
Taki Tachibana
79%
Mitsuha Miyamizu
75%
Yotsuha Miyamizu
60%
Miki Okudera
48%
Katsuhiko "Tessie" Teshigawara
40%
Tsukasa Fujii
40%
Hitoha Miyamizu
38%
Sayaka Natori
35%
Shinta Takagi
33%
No matching quizzes found
Score Distribution
Percent of People with Each Score
Percentile by Number Answered
Your Score History
You have not taken this quiz